00622nam a2200133Ia 4500008004100000100002400041245012200065245015000187260005300337260001400390300000800404650001500412856006100427170221s9999 xx 000 0 und d aAlexander P. Zhabin aCrisis Management on the Basis of the Marketing Approach for Development of Innovative Potential of the Organization  cAlexander P. Zhabin, Maria O. Suraeva, Anatoly N. Evdokimov, Lyudmila V. Polynova, Diana A. Akopyan, Valery K. Chertykovtsev, Igor A. Grigoryants bInternational Review of Management and Marketing cJune 2015 a7:1 xMarketing. uhttp://www.econjournals.com/index.php/irmm/issue/view/86